| 000 | 00750nam a2200181 a 4500 | ||
|---|---|---|---|
| 001 | 000035168 | ||
| 005 | 20200930074141.0 | ||
| 008 | 111025s1909 000 spa d | ||
| 100 | 1 |
_aMiranda, Carlos _960896 |
|
| 245 | 1 | 0 |
_aAquí hase farta una mujé : _bbufonada lírica en un acto y en prosa / _coriginal de Carlos Miranda ; música de los maestros Mas y Sala. |
| 246 | 1 | 0 |
_aAquí hase farta una mujé _klibreto |
| 260 |
_aMadrid : _bSociedad de Autores Españoles, _c1909. _fCarbonell y Belda |
||
| 300 |
_a42 p. ; _c21 cm. |
||
| 500 | _aEstrenada el 23 de marzo de 1909 | ||
| 500 | _aParodia del sainete lírico de los hermanos de la Cueva y del malogrado maestro Chapí | ||
| 710 | 2 |
_aSociedad de Autores Españoles _960837 |
|
| 999 |
_c34659 _d34659 |
||
| 040 | _aDO-SdBNP | ||